[Event "8th EUROPEAN INDIVIDUAL CHESS CHAMPIONSHIP"]
[Site "Dresden/Germany"]
[Date "2007.04.03"]
[Round "1.10"]
[White "Georgiev, Kiril"]
[Black "Holzke, Frank"]
[Result "0-1"]
[WhiteElo "2660"]
[BlackElo "2467"]
[Annotator "Ëåáåäåâ Âàñèëèé"]
[PlyCount "74"]
[EventDate "2007.04.03"]

{Ïðîñòî Çåâîê âåêà (îãîâîðþñü: åñëè âåðèòü òåêñòó ïàðòèè, âçÿòîé ñ
îôèöèàëüíîãî ñàéòà) ñîâåðøèë ñèëüíûé áîëãàðñêèé ãðîññìåéñòåð.} 1. d4 Nf6 2. c4
g6 3. Nc3 d5 4. Nf3 Bg7 5. e3 O-O 6. b4 b6 7. Qb3 c5 8. bxc5 bxc5 9. cxd5 Na6
10. Ba3 Rb8 11. Qa4 Nb4 12. Rc1 Bd7 {Íà÷àëüíûå õîäû ïðèâîäÿòñÿ äëÿ èñòîðèè.}
13. Qxa7 $6 {Ïåøêà âûãëÿäèò ÿâíî îòðàâëåííîé, íî èíîãî íåò. È ýòî íà 13-ì õîäó,
è ýòî áåëûìè ôèãóðàìè! ßâíî íåñ÷àñòíûé ñëó÷àé!} cxd4 14. Nxd4 $6 ({Ïðåäåëîì 
ìå÷òàíèé áåëûõ äîëæíà áûëà ñëóæèòü ãèïîòåòè÷åñêîå óðàâíåíèå èãðû, ñî ñêðèïîì
îáðåòàåìîå â ñëåäóþùåì âàðèàíòå:} 14. Bxb4 $1 dxc3 15. Bxc3 Ra8 16. Qd4 (16.
Qb7 Ne4) 16... Ra4 $1 17. Bc4 Bb5 18. Bd2 {
Ïðè÷¸ì íàäî áûòü ìîðàëüíî ãîòîâûì ê îòäà÷å ôåðçÿ.} Qd6 (18... Nd7 19. Bxb5
Rxd4 20. exd4 Nb6) (18... Qa8 19. O-O Nd7 20. Bxb5 Bxd4 21. Bxd7 Bb2 22. Bxa4
Qxa4 23. Rc7) 19. O-O Nxd5 20. Qxd5 Bxc4 21. Qxd6 exd6 22. Rfd1 {è ò.ä. Åñëè
âñ¸ ýòî ïðàâèëüíî, òî ïðîèçîøåäøåå èíà÷å êàê äåáþòíîé êàòàñòðîôîé íàçâàòü
íåëüçÿ!}) 14... Nbxd5 15. Nxd5 Nxd5 16. Qc5 e6 17. Ba6 ({Èëè} 17. Bc4 Rc8 18.
Qa7 Ra8 19. Qc5 Re8 $1 20. Bxd5 exd5 21. Bb2 Rxa2 22. Qb4 Ra4 {è ò.ä.}) {
Âèäèìî, è ñåé÷àñ åù¸ áåëûå íå âèäÿò, ÷òî ïîñëå} 17... Re8 $3 {
îíè òåðÿþò ôåðçÿ. Òàê ëåãêî çåâíóòü òàêîé õîä...} 18. O-O Bf8 {
Î äàëüíåéøåì ìèëîñåðäíî óìîë÷èì...} 19. Qxf8+ Rxf8 20. Bxf8 Qxf8 21. Bc4 Nb6
22. Bb3 Ba4 23. Rc7 Bxb3 24. axb3 Nd5 25. Rc4 Qa3 26. h3 e5 27. Nc6 Qxb3 28.
Rfc1 Re8 29. Rc5 Kg7 30. R5c4 h5 31. Rc5 Qd3 32. R5c4 Nf6 33. R4c3 Qd6 34. Rc4
Ra8 35. R4c2 Ra3 36. Rf1 Ne4 37. Rcc1 Nc3 {Ðàçóìååòñÿ,} 0-1

[Event "8th EUROPEAN INDIVIDUAL CHESS CHAMPIONSHIP"]
[Site "Dresden/Germany"]
[Date "2007.04.03"]
[Round "1.5"]
[White "Karpatchev, Aleksandr"]
[Black "Malakhov, Vladimir"]
[Result "0-1"]
[WhiteElo "2477"]
[BlackElo "2679"]
[Annotator "Ëåáåäåâ Âàñèëèé"]
[PlyCount "58"]
[EventDate "2007.04.03"]

{Â ïåðâîì òóðå øâåéöàðêè, êîãäà ñèëû ñîïåðíèêîâ èçíà÷àëüíî íå ðàâíû, èãðàåòñÿ
îáû÷íî ìíîãî âåñ¸ëåíüêèõ ïàðòèé...} 1. e4 c5 2. c3 d5 3. exd5 Qxd5 4. Nf3 g6
5. Na3 Bg7 6. Bc4 Qd8 7. Qb3 e6 8. d4 cxd4 9. Bg5 Nf6 10. Nxd4 O-O 11. O-O-O
Qa5 12. h4 a6 13. Rde1 Nbd7 14. Qc2 Nc5 15. Nb3 Nxb3+ 16. Bxb3 b5 17. f4 Bd7 {
Ðàçíîñòîðîííèå ðîêèðîâêè ïîäðàçóìåâàþò ñàìè çíàåòå, ÷òî... Ïîýòîìó ñìîòðèì
âñÿêèå âîñõèòèòåëüíûå, íî, êàê ïðàâèëî, îñòàþùèåñÿ çà áîðòîì âàðèàíòû.} 18. h5
$1 Rfc8 $1 ({Õîä} 18... Nxh5 $2 {ìîæíî ïîçâîëèòü ñåáå òîëüêî â àíàëèçå...} 19.
g4 {È êóäà áåäíîìó êîíèêó ïîäàòüñÿ? À íèêóäà!} {Åñëè âïåð¸ä ïîñêàêàòü} Ng3 {
, òîãäà ìîæíî è ïðîïàñòü -} ({À åñëè} 19... Nf6 20. Qh2 h6 {....} ({
íåñëàäêî ÷¸ðíûì è ïîñëå} 20... Rfc8 21. f5 $1 {Íàïðèìåð,} Rxc3+ (21... h5 22.
gxh5) 22. bxc3 Qxa3+ 23. Kb1 Qe7 24. fxe6 fxe6 25. Qxh7+ $1) {òî} 21. Bxh6 $1
Nxg4 {È òåïåðü ïîïðîøó âûêàçàòü íåêîòîðóþ òîëèêó âîñõèùåíèÿ. Âåäü áåëûå â
ýòîé ïîçèöèè ïîáåæäàþò âïîëíå ôååðè÷åñêèì ïóò¸ì -} 22. Bxg7 $3 Nxh2 23. Bf6
$3) 20.
Rh3 Qc7 21. Qh2 ({íî íå} 21. Rxg3 $6 h6 $1) 21... b4 ({èëè} 21... h6 22. Bxh6
Bxh6 23. Rxh6 Qxf4+ 24. Kb1 Rad8 25. Rh3 $18) 22. Rxh7 Bf6 (22... bxa3 23.
Rxg7+ $1) (22... f5 23. Rxg7+ $1) 23. Kb1 $1 (23. Bxf6 $2 Qxf4+)) ({Óæå ýòèõ 
âàðèàíòîâ äîñòàòî÷íî, ÷òîáû îñóäèòü âçÿòèå êîí¸ì ïåøêè h5!  Íî ïðèâåäó è åù¸
îäíó âåòî÷êó àíàëèçà:} 18... Nxh5 19. g4 Rac8 {
(ïðåçðèòåëüíî èãíîðèðóÿ ïðåäûäóùèé õîä áåëûõ)} 20. Qh2 (20. gxh5 $2 Bxc3 $1)
20... Bxc3 21. bxc3 Qxa3+ 22. Kb1 Rxc3 23. gxh5 Bc6 {
. Ïîêà âñ¸ áûëî ôîðñèðîâàííî è ïîíÿòíî.} 24. hxg6 $1 {Ìîæåò è íå ñèëüíåéøåå,
íî ÿ, ïî êðàéíåé ìåðå, ïîíèìàþ, ÷òî â ðåçóëüòàòå âñåãî ýòîãî ïîëó÷èòñÿ.}
Rxb3+ 25. Ka1 $3 ({ïîñëå} 25. axb3 Qxb3+ 26. Qb2 Qxb2+ 27. Kxb2 Bxh1 {
ó áåëûõ ïî÷òè íå îñòà¸òñÿ ïåøåê...}) 25... h6 ({ñëàáåå} 25... h5 {ââèäó} 26.
gxf7+ Rxf7 27. Rhg1 Rg7 28. Bf6 Rxg1 29. Rxg1+ Kf8 30. f5 $1) 26. gxf7+ ({íî íå
} 26. Bxh6 Rg3 $1 {- è ïîëó÷àåòñÿ íè÷üÿ:} 27. Bg7 $1 Kxg7 {
- âåäü êðîìå âå÷íîãî øàõà ó áåëûõ íè÷åãî íåò}) 26... Rxf7 27. Reg1 (27. Rhg1
$2 hxg5) 27... Rb1+ $3 28. Kxb1 Be4+ 29. Ka1 Qc3+ 30. Qb2 Qxb2+ 31. Kxb2 hxg5
32. Rh4 $1 {- òîíêîñòü, ïîçâîëÿþùàÿ ñîõðàíèòü íà äîñêå áîëüøå áåëûõ ïåøåê.
Èãðàòü ñ ëèøíèì êà÷åñòâîì íà ïîáåäó â ýòîì ïîëîæåíèè ñîâñåì íå çàçîðíî.}) 19.
hxg6 hxg6 ({Êîíå÷íî, íå} 19... fxg6 {èç-çà} 20. Rd1 $1 ({
íå çàìîðà÷èâàÿñü, îòâåðãàåì ñîáëàçíèòåëüíîå} 20. Rxe6 $5) 20... Qc7 (20... Nd5
21. Rxd5 $1) 21. f5 $1 {, è ðàçãðîì ÷¸ðíûõ íåäàëå÷å.}) 20. Bxf6 {Íåâåðíî.} ({
Âèäèìî, ñåé÷àñ áûëî ñàìîå âðåìÿ ïîñëåäîâàòü ïðèìåðó Ïåòåðà Ëåêî, êîòîðûé â
«ñèöèëèàíêå» áåëûìè âñåãäà èãðàåò} 20. Kb1 $1) ({
À åñëè õîòåëîñü âûçâàòü êðèçèñ â ïîçèöèè, òî ìîæíî áûëî «äâèíóòü»} 20. g4 $5
{×òî áûëî ïî êðàéíåé ìåðå ãîðàçäî áîëåå áåçîïàñíûì, ÷åì «êîìáèíàöèÿ»
èñïîëíåííàÿ â ïàðòèè. Âåäü ÿñíîå äåëî, ÷òî Âëàäèìèð Ìàëàõîâ, êàê øàõìàòèñò ñ
áîëåå âûñîêèì ðåéòèíãîì, â ïåðâîì òóðå íå ïîø¸ë áû íà íè÷åéíîå ïðîäîëæåíèå}
Nxg4 21. Qd1 $1 Bxc3 $1 22. bxc3 Qxa3+ 23. Kb1 Rxc3 24. Qxd7 Rxb3+ 25. axb3
Qxb3+) ({À, íàâåðíîå, ñòàë áû (ïîñëå} 20. g4 $5 {
) , èñêàòü âîçìîæíîñòè îñëîæíèòü áîðüáó ïóò¸ì} b4 {. Íî ïîñëå 21.Nc4 Qc7 22.
f5! (íî íå 22.cxb4? Bb5) ñêëàäûâàåòñÿ âïå÷àòëåíèå, ÷òî âñ¸ ýòî ìîãëî âûéòè
÷¸ðíûì áîêîì.} 21. Nc4 Qc7 22. f5 ({íî íå} 22. cxb4 $2 Bb5) 22... bxc3
23. fxg6 ({õóæå} 23. bxc3 exf5 {è îò àòàêè áåëûõ ìàëî ÷òî îñòà¸òñÿ}) 23... Bb5
(23... cxb2+ 24. Kb1 Bb5 25. Bxf6 Bxf6 26. g5 $1 Bd4 27. Qe4 $16 {
ñ áîëüøèì ïåðåâåñîì}) 24. Bxf6 (24. Ne5 cxb2+ 25. Kb1 Qxc2+ 26. Bxc2 fxg6 27.
Bxg6 Rc7 $13) 24... Bxf6 25. g5 $1 (25. Rhf1 $2 Bxc4) 25... Bxg5+ ({
ïîçèöèþ ïîñëå} 25... cxb2+ 26. Kb1 Bd4 27. Qe4 $18 {ìû óæå âèäåëè}) 26. Kb1
Bxc4 27. Qxc3 f6 (27... e5 28. Reg1) 28. Qh3 Kf8 {È àòàêó ìîæíî ïðîäîëæèòü -}
29. Rd1 $1 Qg7 ({èëè} 29... Bd5 30. Bxd5 exd5 31. Ka1 $3 {- öóãöâàíã!}) 30.
Bxc4 Qxg6+ (30... Rxc4 31. Qh8+ Qg8 32. Rh7 $1) 31. Bd3 {è ò.ä. ×¸ðíûì òÿæêî.}
) 20... Bxf6 {
Ó áåëûõ óæå íåâàæíàÿ ïîçèöèÿ, íî õîä â òåêñòå ìîã ïðèâåñòè ê ìãíîâåííîìó êðàõó.
} 21. Rxe6 $2 (21. f5 $2 Bxc3 $1) 21... Bxe6 {Âëàäèìèð Ìàëàõîâ ïðåäïî÷èòàåò
êîìôîðòíóþ ïîçèöèþ ñ âèäàìè íà ðåøàþùóþ àòàêó} ({
âñÿêèì ãîëîâîëîìíîñòÿì òèïà} 21... Bxc3 $1 22. Rxg6+ (22. Qxg6+ Kf8 $1 ({íî íå
} 22... fxg6 23. Rf6+ $1 Rc4 24. Nxc4 Bxf6 25. Nxa5+ {è ò.ä.})) 22... Bg7 23.
Bc4 $1 bxc4 24. Rxg7+ ({èëè} 24. Rg5 f5) 24... Kxg7 25. Qh7+ Kf8 26. Qh8+ Ke7 {
, è øàõè íåîïàñíû.}) 22. Bxe6 Kg7 $1 ({
Íå òîãî óðîâíÿ èãðàþùèé ÷åðíûìè, ÷òîáû ïîïàäàòüñÿ â ëîâóøêè íàïîäîáèå} 22...
Rxc3 $2 23. bxc3 Qxa3+ 24. Kb1 Kg7 25. Rh7+ $3 Kxh7 26. Bxf7 Rg8 27. Bxg8+ Kxg8
28. Qxg6+ Bg7 29. Qe6+ {ñ íè÷üåé.}) ({Èëè} 22... Bxc3 23. Nc4 $3 Rxc4 24. Bxc4
bxc4 25. Qxc3 Qxc3+ 26. bxc3 $11) 23. Bxc8 ({Èëè} 23. Bxf7 Kxf7) ({À åñëè} 23.
Rh7+ Kxh7 24. Bxf7 {, òî} Rg8 {è ÷¸ðíûõ «âûðó÷àåò» òîò ôàêò, ÷òî ó íèõ
äâå ëàäüè. Ñëåäîâàòåëüíî, îäíó ìîæíî ñêèíóòü.}) 23... Rxc8 {
Ëèøíÿÿ ïåøêà ïðè òàêîì, èçâèíèòå çà âûðàæåíèåå, «êîíå Òàððàøà» íå ñ÷èòàåòñÿ!
} 24. Kb1 ({Òóò óæå âñ¸ åäèíî, èáî âñ¸ - ïëîõî:} 24. Qd3 b4 25. Nc4 Qxa2 26.
Rh7+ $5 {ïîëóëîâóøêà} Kg8 (26... Kxh7 $1 27. Qh3+ Kg7 28. Qxc8 bxc3 29. bxc3
Bxc3) 27. Rxf7 $1 $11 {ñëèøêîì íàèâíà} Qa1+ 28. Kc2 Qa4+ 29. b3 Qa2+ 30. Kc1
Qa1+ 31. Kc2 $11) ({Ïðèìåðíî òîæå îæèäàåò áåëûõ è ïîñëå} 24. Nb1 b4 25. Rh3)
24... b4 25. cxb4 Rxc2 26. bxa5 {Êàê ìû âèäèì, ïðîèçîø¸ë îáìåí ôåðçåé ñ
äàëüíåéøèì óõóäøåíèåì ïîçèöèè áåëûõ. Åù¸ ïîñëåäîâàëî} Rxb2+ 27. Kc1 (27. Ka1
Rb3#) 27... Rxg2 28. Nc2 Bc3 $1 29. a3 Rf2 {
È áåëûå ñäàëèñü. Âïîëíå ñâîåâðåìåííî.} 0-1

[Event "8th EUROPEAN INDIVIDUAL CHESS CHAMPIONSHIP"]
[Site "Dresden/Germany"]
[Date "2007.04.03"]
[Round "1.29"]
[White "Lobzhanidze, Davit"]
[Black "Sutovsky, Emil"]
[Result "0-1"]
[WhiteElo "2450"]
[BlackElo "2637"]
[Annotator "Ëåáåäåâ Âàñèëèé"]
[PlyCount "80"]
[EventDate "2007.04.03"]

{Êàê âñåãäà îðèãèíàëåí è íåïîäðàæàåì áûë Ýìèëü Cóòîâñêèé.} 1. e4 c5 2. Nf3 d6
3. d4 cxd4 4. Nxd4 Nf6 5. Nc3 a6 6. Be2 e5 7. Nb3 Be7 8. O-O O-O 9. a4 Be6 10.
Bf3 Nbd7 11. Re1 h6 12. Be3 Nb6 13. Nd2 Rc8 14. a5 Nbd7 15. Nf1 Rc4 16. Ng3 Qc7
17. Re2 Rc8 18. Qe1 Nc5 19. Bd2 Ncd7 20. Be3 Nh7 21. Nd5 Bxd5 22. exd5 Ng5 {
×¸ðíûå ðåøèòåëüíî ïîøëè âïåð¸ä.} 23. b3 Nxf3+ 24. gxf3 Rh4 $1 {Âûãëÿäèò êàê
çåâîê, íî, êàê ìíå êàæåòñÿ, î÷åíü ãëóáîêàÿ, ïñèõîëîãè÷åñêàÿ, æåðòâà. Íå
óâåðåí â å¸ êîððåêòíîñòè, íî â ýñòåòè÷íîñòè åé íå îòêàæåøü!} 25. Nf5 Nf8 26.
Nxh4 (26. Bb6 {
, ïî-ìîåìó, ãîíèò ÷¸ðíîãî ôåðçÿ òóäà, êóäà îí è ñàì ñòðåìèòñÿ: íà ïîëå h3! -}
Qd7 {è ò.ä.}) 26... Bxh4 {×òî äåëàåò øàõìàòèñò, âûèãðàâ (âûèãðàâ ëè?)
ìàòåðèàë? Ïðàâèëüíî! Ñòðåìèòñÿ â ýíäøïèëü, ìåíÿÿ ôèãóðêè íàïðàâî è íàëåâî.
Áåëûå ýòèì, íè÷òîæå ñóìíÿøåñÿ, è çàíÿëèñü.} 27. Ra4 {
(ñ òåìïîì ðàçìåíèâàÿ ïàðó ëàäåé, íó-íó...)} Ng6 28. Rc4 Qd7 29. Rxc8+ Qxc8 30.
Qb4 Bg5 31. Bxg5 {åù¸ îäèí «åñòåñòâåííûé» õîä... È ñäà¸òñÿ ìíå, ÷òî ïîñëå
ýòîãî ÷¸ðíûå - âíå îïàñíîñòè!} ({Íî, êàê ãîâîðèòñÿ: «À ÷òî åù¸»? Íà} 31.
Qg4 {áåëûì ìîãëî íå ïîíðàâèòüñÿ «ãðîçíîå»} f5) ({Ñîâñåì ïëîõî} 31. Qxd6 $4
Be7 $19) 31... hxg5 32. Qg4 $2 ({
Ñàìûì ëó÷øèì ïî ìíåíèþ Rybk'è ÿâëÿåòñÿ çäåñü ïðîäîëæåíèå} 32. Re4 $1 {
Òî åñòü ïîëó÷àåòñÿ, ÷òî ïîñëå} Nh4 $1 {áåëûì íàäî ñòðåìèòüñÿ ê íè÷üåé.} 33.
Rxh4 ({â ñëó÷àå} 33. Rc4 Nxf3+ {
÷¸ðíûå äîáèðàþò ê ñâîåìó «áåç êà÷åñòâà» ïåøå÷êó...}) 33... gxh4 34. Qxd6
e4 $1 (34... f6 $5) 35. Qf4 (35. fxe4 Qg4+ 36. Kf1 Qd1+) 35... exf3 36. Qxf3
Qxc2 {- ïîõîæå íà ðàâåíñòâî.}) {Íî ÷òî æå ýòî çà íàïàñòü òàêàÿ? «Èãðàòü ñ
÷èñòûì ëèøíèì êà÷åñòâîì è èñêàòü íè÷üþ?», - íàâåðíîå ïîäóìàëè áåëûå è
ïîøëè 32.Qg4?, ïðîäîëæàÿ âûìåíèâàòü ìàòåðèàë «ñ òåìïîì». Íî ýòî - îøèáêà!}
32... Qc3 $1 33. Qe4 {È åù¸ íåòî÷íîñòü.} ({Ïåøêà îêàçûâàåòñÿ íåñúåäîáíîé:} 33.
Qxg5 Qa1+ 34. Kg2 Nf4+) ({Íî ïóòü ê íè÷üåé åù¸ ñóùåñòâîâàë:} 33. Kf1 $1 Nh4 (
33... Nf4 34. Qxg5 $1) 34. f4 Nf3 {, è çäåñü íàäî èãðàòü} 35. Re3 $1 ({
à âîò ïîñëå} 35. Kg2 Nh4+ (35... Nd4 $2 36. Re3 $1) 36. Kf1 {
ó ÷¸ðíûõ åñòü åù¸ ðåñóðñ -} f5 37. Qg3 Nf3 38. Kg2 g4 39. Re3 Qxa5 40. fxe5
dxe5 41. d6 Qd5 {è áåëûå âûíóæäåíû èãðàòü} 42. Rxf3 {
, ïåðåõîäÿ â, ìîæåò áûòü, ïðîèãðàííûé «ïåøå÷íèê»:} gxf3+ 43. Qxf3 Qxf3+ 44.
Kxf3 Kf7 45. c4 b5 $1) 35... Qa1+ 36. Ke2 Nd4+ 37. Kd2 Qxa5+ 38. Rc3 Nb5 39.
Qc8+ Kh7 40. Qf5+) 33... Nh4 (33... Nf4) 34. Kf1 ({Ïðîäîëæåíèå íàïîäîáèå} 34.
Kh1 Nxf3 35. h3 Nd4 36. Re3 Qxa5 37. c4 f5 {
àëüòåðíàòèâîé ñëóæèòü, åñòåñòâåííî, íå ìîæåò.}) 34... Nxf3 35. h3 Qa1+ 36. Kg2
Nh4+ 37. Kh2 Qd1 $1 {Öóöãâàíã÷èê! Ïðè÷¸ì, ïîëíûé - ó áåëûõ íåò ðàçóìíûõ
õîäîâ âîîáùå! Îíè, òàê ñêàçàòü, ëèêâèäèðîâàíû êàê êëàññ!} 38. Qc4 (38. b4 f5) (
38. f4 gxf4) 38... f5 {
Òîëüêî òóò áðîøó ìåëêèé êàìåøåê â îãîðîä èãðàþùåãî ÷¸ðíûìè.} ({
Ïîõîæå, æ¸ñò÷å áûëî} 38... Qf1 39. Qc8+ (39. f3 f5) 39... Kh7 40. Qg4 g6 $1 ({
íî íå} 40... f5 41. Qh5+)) 39. Re3 e4 {
Ñ òàêèì «îòñóòñòâèåì» ìàòåðèàëà êàæäûé øàõìàòèñò ìå÷òàåò èãðàòü!} 40. Qc8+ {
Õîä êîíòðîëüíûé, øàõ ïåðâûé è îí æå ïîñëåäíèé. Íå äîæèäàÿñü îòâåòà ÷¸ðíûõ
(ðàçóìååòñÿ} Kh7 ({, à íå} 40... Kf7 41. Qe6+ {è óæå ÷¸ðíûì ïëîõî:} Kf8 42.
Qxd6+ Kg8 43. Qd8+ Kf7 44. Qxg5 Nf3+ 45. Rxf3 exf3 46. Qe3 {
, áåëûå ïðèçíàëè ñåáÿ ïîáåæä¸ííûìè.}) 0-1

[Event "8th EUROPEAN INDIVIDUAL CHESS CHAMPIONSHIP"]
[Site "Dresden/Germany"]
[Date "2007.04.03"]
[Round "1.1"]
[White "Maiwald, Jens-Uwe"]
[Black "Jakovenko, Dmitry"]
[Result "0-1"]
[WhiteElo "2489"]
[BlackElo "2708"]
[Annotator "Ëåáåäåâ Âàñèëèé"]
[PlyCount "78"]
[EventDate "2007.04.03"]

{Íà äåáþòíûõ òîíêîñòÿõ â ýòîò ðàç îñòàíàâëèâàòüñÿ íå áóäó.} 1. d4 Nf6 2. c4 e6
3. Nf3 b6 4. a3 Bb7 5. Nc3 d5 6. Bg5 Be7 7. e3 Nbd7 8. Rc1 O-O 9. cxd5 exd5 10.
Be2 h6 11. Bf4 c5 12. O-O a6 13. dxc5 bxc5 14. Qb3 Qc8 15. Rfd1 Rd8 16. Qa2 a5
17. Nb5 Nf8 18. Ne5 Ne6 19. Bg3 Ne4 {Íà ïåðâûé âçãëÿä, âèñÿ÷èå ïåøêè ñëàáûìè
çäåñü îòíþäü íå âûãëÿäÿò. Áåëûå ðåøàþò «çàêðóòèòü» ïî ïîëíîé ïðîãðàììå -}
20. Bh5 $6 ({Íî, ìîæåò áûòü, ñèëüíåå áûëî} 20. Nc3 $5 {
, òàê ñêàçàòü, ïîä÷¸ðêèâàÿ «âèñÿ÷åñòü» âðàæåñêèõ öåíòðîâûõ.}) 20... g6 21.
Bg4 Nxg3 22. hxg3 h5 23. Bh3 $1 {×åëîâåê èãðàòü î÷åíü äîëãî íà âûñøåì
(êîìïüþòåðíîì) óðîâíå íå ìîæåò, ÷òî è ïîäòâåðäèëà äàííàÿ ïàðòèÿ.} ({
Íî, äî ïîðû äî âðåìåíè, è áåëûå, è ÷¸ðíûå áåçóïðå÷íû: ñëàáåå} 23. Bf3 Bf6) ({
èëè} 23. Be2 Bf6 24. Nd3 Qc6) 23... g5 (23... Bf6 $5) 24. e4 $1 {Íà÷àëîñü...}
g4 25. exd5 Ng5 ({Íà âêðàä÷èâîå} 25... Qb8 {
ÿâíî áûëî çàãîòîâëåíî ðàáî÷å-êðåñòüÿíñêîå} 26. Nxf7 $1 {è äàëåå} Kxf7 27.
dxe6+ Kg7 (27... Kf8 28. Bxg4 hxg4 29. Re1 $1 {, íå ïóñêàÿ ôåðçÿ íà å5}) 28.
Bxg4 hxg4 29. Qc4 $40) 26. d6 Bf8 $1 ({Ïîñëå} 26... Bf6 {
ñëîí ïîïàäàåò «ïîä òåìï»:} 27. Bxg4 hxg4 28. d7 Qb8 29. Nxg4 Bg7 30. Rxc5 {
è ò.ä.}) 27. Bxg4 (27. f4 Qf5) 27... hxg4 28. d7 Qb8 29. Nxg4 {Òðè ïåøêè çà
ôèãóðû + àáñîëþòíî íåïîíÿòàÿ/íåÿñíàÿ ïîçèöèÿ. ×òî åù¸ äëÿ ñîçäàíèÿ
ýïè÷åñêîãî øàõìàòíîãî ïîëîòíà íóæíî? Íàâåðíîå, òîëüêî íå îøèáàòüñÿ. À âîò ýòî
- ñëîæíàÿ çàäà÷à...} Ra6 $1 {Êîíå÷íî, ýòî áîëåå ïðàâèëüíîå ïðîäîëæåíèå
(ïîäêëþ÷àåì ê çàùèòå/íàïàäåíèþ åù¸ îäíó ôèãóðó),} ({íåæåëè} 29... Bc6 $5 {
, ÷òî âåä¸ò ê âåñüìà çàïóòàííûì ïîçèöèÿì:} 30. Nf6+ (30. Nd4 $5) 30... Kg7 (
30... Kh8 31. Rd5 $1) 31. Nd4 $1 {È òåïåðü ñïîêîéíåå âñåãî (íî íå ëó÷øå,
îñîáåííî ó÷èòûâàÿ òîò ôàêò, ÷òî ýòî 1-é òóð) äëÿ ÷¸ðíûõ óáåãàíèå íà
íè÷üþ ïóò¸ì} cxd4 32. Rxc6 Qe5 33. f4 Qe2 34. Qb1 Ne6 35. f5 Qe3+ 36. Kf1 Nf4
$1 37. gxf4 Qxf4+ {è ò.ä.}) ({Êîíå÷íî (ïîñëå} 29... Bc6 $5 30. Nf6+ Kg7 31.
Nd4 {), âåñåëåå} Bxg2 $1 32. Ne8+ Kg6 33. Nf5 $1 {
Íî ñàìè ïîíèìàåòå - âåñåëüå øòóêà «çàðàçíàÿ». Íàïðèìåð:} Bf3 $6 34. Nfd6 {
(ýòà ñâÿçêà åù¸ ïîïîðòèò íåðâû ÷¸ðíîìó êîðîëþ)} Rxd7 35. Qb1+ Ne4 36. Nxe4 f5
37. N4f6 $1 Rxd1+ 38. Rxd1 Qe5 (38... Bxd1 39. Qxd1 {
, è, ÷òîáû ÷óæîé ôåðçü íå ïîïàë íà h5, ÷¸ðíûì íàäî îòäàâàòü ñâîåãî...}) 39.
Re1 Be4 {Ñòîðîíû äåëàëè, êàçàëîñü áû, âûíóæäåííûå, î÷åâèäíûå è ñàìî ñîáîé
ðàçóìåþùååñÿ õîäû. Îäíàêî ñëåäóåò} 40. Qa2 $1 {, è ïðàâî íà âûðàæåíèå ñâîèõ
÷óâñòâ ïîñðåäñòâîì ãðîìîãëàñíîãî õîõîòà ïåðåõîäèò ê áåëûì:} Bg7 41. Nxg7 Qxf6
42. Nh5 $1 Kxh5 43. Rxe4 $1 fxe4 44. Qd5+ Kh6 45. Qxa8 {è ò.ä.}) ({
Ïðàâèëüíî (ïîñëå} 29... Bc6 $5 30. Nf6+ Kg7 31. Nd4 Bxg2 $1 32. Ne8+ Kg6 33.
Nf5 $1 {)} Bh3 $1 {È äàëåå} 34. Nh4+ Kh6 35. f4 ({â ñëó÷àå} 35. Qd5 Be6 36.
Nf5+ Bxf5 37. Qxf5 {íàõîäèòñÿ èçÿùíîå} Qe5 $1 38. Qd3 Rxe8 39. dxe8=Q Rxe8 {
- ó ÷¸ðíûõ ÷óòü ïîëó÷øå}) 35... Ne6 36. Qb1 ({ñëàáåå} 36. Qd5 Rxd7 $1 37.
Qxd7 Qxe8) 36... Rxd7 $1 37. Nf6 (37. Rxd7 Qxe8 38. Rd2 Nd4 $13) 37... Rxd1+
38. Rxd1 Kg7 39. Nh5+ Kh8 40. Nf6 Kg7 41. Nh5+ Kh8 {- âå÷íûé øàõ.}) 30. Qc4
Rg6 31. f4 Ne6 32. Ne5 (32. Qe2 Ba6) 32... Rxg3 33. Rc2 Bg7 $4 {Óæàñíàÿ îøèáêà!
«Óïëîòíÿòüñÿ, óïëîòíÿòüñÿ è åù¸ ðàç óïëîòíÿòüñÿ!» Âîò ÷òî äîëæíî áûëî áûòü
äåâèçîì ÷¸ðíûõ â ýòîé ïîçèöèè.} ({Ýòîé öåëè ñîîòâåòñòâîâàë õîä} 33... Rg7 $1 {
è âñÿ áîðüáà åù¸ âïåðåäè.}) 34. Nxf7 $1 {Êîíå÷íî!} Kxf7 {
Â âîçäóõå çàïàõëî ñåíñàöèåé} 35. Rd6 $4 {
Áåëûå ïî÷òè ñðàçó æå «ðåâàíøèðóþòñÿ», óïóñêàÿ ïîáåäó.} ({
Êàê ýòî íè ñòðàííî, íî «î÷åâèäíîå»} 35. f5 $1 {
ëåãêî è áûñòðî íå âûèãðûâàåò. Åñëè âîîáùå âûèãðûâàåò} Qe5 {È òåïåðü ïðàâèëüíî
} 36. Nd6+ ({òîëüêî ê âå÷íîìó øàõó âåä¸ò} 36. fxe6+ Ke7 37. Rf2 Rxg2+ $1 38.
Rxg2 Bxg2 39. Qh4+ ({íî íå} 39. Kxg2 $4 Qg5+ 40. Kf1 Rf8+ 41. Ke1 Qg3+) 39...
Bf6 40. Qh7+ Bg7 41. Qh4+ Bf6 $11) 36... Ke7 ({ñëàáåå} 36... Kf8 {
, è â êîíöå äëèííîãî âàðèàíòà ÷¸ðíûå îñòàþòñÿ áåç äâóõ ïåøåê:} 37. fxe6 Bf3
38. Rf2 Bf6 39. e7+ $1 Qxe7 40. Nf5 Qe5 41. Nxg3 Bxd1 42. Ne4 Ke7 43. Nxf6 Qe1+
44. Qf1 Qxf1+ 45. Kxf1 {è ò.ä.}) {
È òåïåðü øàíñû íà ïîáåäó áåëûå ïîëó÷àþò òîëüêî ïîñëå} 37. Qxe6+ ({ïëîõî} 37.
Re2 $2 Rxg2+ $1 38. Rxg2 Qe3+ 39. Rf2 Bd4) ({ñëàáî è} 37. Nxb7 Nd4 38. Nxd8
Kxd8 39. Rf2 (39. Qa6 Rxg2+ $1 {ñ âå÷íûì øàõîì.}) 39... Bf6 40. b4 {
Êàçàëîñü áû, âûáèâàþ ïîäïîðêó ó êîíÿ, íî ÷¸ðíûõ âûðó÷àåò «óíèâåðñàëüíîå»}
Rxg2+ $1) 37... Qxe6 38. fxe6 Bf3 $1 39. Re1 $3 Kxd6 40. e7 {
Äà áåç äâóõ ôèãóð! Íî çàòî ñ ÒÀÊÈÌÈ äâóìÿ ïåøêàìè!} Kxd7 41. exd8=Q+ Kxd8 42.
Kh2 Rxg2+ 43. Rxg2 Bxg2 44. Kxg2 Bxb2 45. a4 {È äàæå â ñëó÷àå âûèãðûøà áåëûìè
ïåøêè «ñ» ïîëó÷àåòñÿ îäíà èç òåõ ïîçèöèé òèïà «ëàäüÿ ïðîòèâ ñëîíà ñ
êðàéíèìè ïåøêàìè», êîòîðûå, êàê âñåì èçâåñòíî «äîâîëüíî òðóäíû, çäåñü
îøèáàþòñÿ äàæå âåäóùèå ãðîññìåéñòåðû» («Ó÷åáíèê ýíäøïèëÿ», Ì. Äâîðåöêèé,
ñòð. 298).}) ({Ñëåäîâàëî, «ðàçóìååòñÿ», èãðàòü} 35. Re1 $1 {
- è ìó÷åíèÿ ÷¸ðíûõ ïðîäîëæàþòñÿ.} Bf8 (35... Rg6 36. f5) 36. Qxe6+ Kg7 37.
Re5 Rg6 (37... Bf3 38. Rf5 $1) 38. Rg5 {
È îïÿòü íåîáõîäèìî ïðèìåíèòü âåòâëåíèå: óïîðíåå âñåãî òóò} Be4 $1 ({åñëè} 38...
Rxg5 {, òî ïðåèìóùåñòâî áåëûõ ñ êàæäûì õîäîì ðàñò¸ò, êàê íà äðîææàõ:} 39. fxg5
Qf4 40. Qh6+ {(íåçàìåòíî, ñ øàõîì, è êîíòðîëü ïðîñêî÷èëè...)} Kg8 41. Qg6+ Bg7
42. Qe8+ $1 Qf8 43. Nd6 $1 Bd4+ 44. Kh2 Bc6 45. Qe6+ Kg7 46. Nf5+ Kh8 47. Nxd4
Qf4+ 48. g3 Qxd4 49. Qxc6 Rxd7 50. Re2 {è ò.ä.}) {Íî ïîñëå} 39. Rxg6+ Bxg6 40.
f5 Bh5 41. f6+ {ó áåëûõ âñ¸ â àòàêå ïîëó÷àåòñÿ.} Kh7 ({èëè} 41... Kh6 42. Qe3+
Kg6 43. g4) ({èëè} 41... Kh8 42. Qf5) 42. g4 Qg3+ 43. Rg2 Qh3 44. Qe5 Rxd7 {
. Âïðî÷åì, è â çàùèòå òîæå:} 45. Nc3 $1 $18) 35... Bd4+ 36. Kf1 Re3 ({
Íàñ, àíàëèòèêîâ, õëåáîì íå êîðìè, äàé òîëüêî â ïðèìå÷àíèÿõ óêàçàòü õîä
íàïîäîáèå} 36... Bd5 $3 {(íà ìãíîâåíèå ðàíüøå, ÷åì îí áûë ñäåëàí â ïàðòèè)}
37. Qxd5 ({èëè} 37. Rxd5 Qxf4+ 38. Ke1 Qh4 {
, ñîîðóæàÿ óáîéíóþ çàñàäíóþ áàòàðåþ}) 37... Qxb5+ 38. Rc4 Re3) ({
Íî ñàìîå-ñàìîå òóò} 36... Kf8 $1 {(Rybka)}) 37. Re2 ({Èëè} 37. f5 Ba6 $1) 37...
Bd5 $3 {âñ¸-òàêè!} ({Ìîæíî è} 37... Ba6 $1) ({Âîçìîæíî, è} 37... Bc6) ({
È, êàæåòñÿ, äàæå} 37... Bxg2+ $5 38. Rxg2 Qb7 $1 39. Nxd4 cxd4 40. Rc6 Qb3 ({
ñëèøêîì èçûñêàíî} 40... Rf3+ $2 41. Ke2 d3+ 42. Kxf3 Qxc6+ 43. Qxc6 Nd4+ 44.
Ke4 Nxc6 45. Kxd3 $11) 41. Qxb3 Rxb3 {è ò.ä.}) 38. Qxd5 ({Åñëè} 38. Rxd5 {, òî}
Qxf4+ 39. Rf2 Re1+ $1 {ñ áûñòðûì ðàçãðîìîì.}) 38... Qxb5 39. Qf5+ Kg8 {
Ýëî-ôàâîðèò íà÷àë, êàê è ïîëàãàåòñÿ!} 0-1